Loading...

Black holes, white dwarfs, and neutron stars : the physics of compact objects /

Bibliographic Details
Main Author: Shapiro, Stuart L.
Other Authors: Teukolsky, Saul A.
Format: Printed Book
Language:English
Published: New York : Wiley, c1983.
Subjects:
Online Access:http://www.loc.gov/catdir/description/wiley034/82020112.html
http://www.loc.gov/catdir/toc/onix05/82020112.html
LEADER 01079pam a2200265 a 4500
008 821022s1983 nyua b 001 0 eng
010 |a  82020112  
020 |a 0471873179 :  |c $34.95 
020 |a 0471873160 (pbk.) :  |c $24.95 (est.) 
082 0 0 |a 521.5  |2 19 
100 1 |a Shapiro, Stuart L. 
245 1 0 |a Black holes, white dwarfs, and neutron stars :  |b the physics of compact objects /  |c Stuart L. Shapiro, Saul A. Teukolsky. 
260 |a New York :  |b Wiley,  |c c1983. 
300 |a xvii, 645 p. :  |b ill. ;  |c 24 cm. 
500 |a "A Wiley-Interscience publication." 
500 |a Includes index. 
504 |a Bibliography: p. 593-620. 
650 0 |a Compact objects (Astronomy) 
700 1 |a Teukolsky, Saul A. 
856 4 2 |u http://www.loc.gov/catdir/description/wiley034/82020112.html 
856 4 |u http://www.loc.gov/catdir/toc/onix05/82020112.html 
942 |c REF 
906 |a 7  |b cbc  |c orignew  |d 1  |e ocip  |f 19  |g y-gencatlg 
999 |c 96185  |d 96185 
952 |0 0  |1 0  |4 0  |6 521_500000000000000_SHA_B  |7 0  |9 96003  |a UL  |b UL  |c REF  |d 2011-11-24  |g 0.00  |l 0  |o 521.5 SHA/B  |p 86339  |r 2012-10-28  |v 8182.60  |y TXT